Państwa na literę "I" - Statystyki

Ogólne statystyki
  • Ten quiz został rozwiązany 58 razy
  • Średni wynik to 6 z 7
Statystyki odpowiedzi
Państwa % Poprawnych
Irak
94%
Iran
94%
Indonezja
91%
Indie
85%
Irlandia
83%
Islandia
74%
Izrael
66%
Nie znaleziono quizów pasujących do podanych kryteriów
Rozkład punktacji
Procent ludzi z każdym wynikiem
Percentyl według liczby udzielonych odpowiedzi
Twoja historia wyników
Nie rozwiązałeś tego quizu